00826nam a2200229Ia 4500003000900000008004100009020001800050040001600068080003500084100002400119245011100143250001200254260003100266300001500297650003200312650003200344650002600376650003600402942000700438999001700445952013400462IN-BaIIA211028s9999 xx 000 0 eng d a0-07-135609-6 cIIA Library a621.01(026)  aHicks, T. G.928598 0aMechanical engineering formulasbpocket guidecT. G. Hicks  a5th ed. aNewYorkbMcGraw-Hillc2003 aviii, 290p aEngineering Formulas928599 amechanical engineering9667 aReference data928600 aThermodynamical Formulas928601 cBK c15492d15492 00104070aBANbLEHcGENd2003-10-28eINT g1851.68l0o621.01(026)p16414r2021-11-05v1851.68w2003-10-28yBKGRs. 1851.68